000 00638cam a2200229 4500500
005 20260329004338.0
041 _afre
042 _adc
100 1 0 _aPortevin, Catherine
_eauthor
245 0 0 _aLe Loup
260 _c2019.
500 _a59
690 _aBande dessinée
690 _aBaptiste Morizot
690 _aCohabitation
690 _aJean-Marc Rochette
690 _aLoup
690 _aMontagne
690 _aNature
786 0 _nPhilosophie magazine | 131 | 7 | 2019-07-01 | p. 50-50 | 1951-1787
856 4 1 _uhttps://shs.cairn.info/magazine-philosophie-magazine-2019-7-page-50?lang=fr&redirect-ssocas=7080
999 _c1833013
_d1833013